000 00505nam a2200205Ia 4500
003 OSt
005 20220928151807.0
006 a|||||r|||| 00| 0
007 ta
008 220927b |||||||| |||| 00| 0 eng d
024 _a131540
037 _cTextual
040 _aSDCL
_cSDCL
_beng
041 _2eng
_aeng
082 _aNR2, L9
100 _aSexena Sunil Kumar Au.
_9518286
245 0 _aWinged Form
942 _hNR2, L9
_cTEXL
_2CC
999 _c853111
_d853111